Statistics for Geographical Locations Starting with T

Click here to take the quiz!

General Stats

  • This quiz has been taken 83 times
    (59 since last reset)
  • The average score is 14 of 20

Answer Stats

HintAnswer% Correct
Country in East AfricaTanzania
96%
River flowing through London to the North SeaThames
96%
An island nation in the Caribbean{Trinidad} and {Tobago}
96%
A monument located in Agra, India{Taj} {Mahal}
94%
The capital and largest city of TaiwanTaipei
92%
Australia largest islandTasmania
90%
New York City intersection extending from 42nd to 47th Streets. Popular gathering spot on New Years Eve{Times} {Square}
90%
A river that flows from Turkey through IraqTigris
86%
The capital of EstoniaTallinn
84%
The largest island in French Polynesia. Paul Gauguin famously painted here
Tahiti
82%
The river that flows through Rome in ItalyTiber
76%
Capital of UzbekistanTashkent
75%
An autonomous region of ChinaTibet
75%
A city in central Mali and symbol for any proverbially distant or remote placeTimbuktu
75%
Capital of BhutanThimphu
63%
Argentinian province and home of Ushuaia, the southernmost city in the world{Tierra} {del} {Fuego}
51%
A resident or native of the US state of North Carolina{Tar} Heel
37%
Demonym for TogoTogolese
37%
A language spoken in India with more than 80 million native speakersTelugu
29%
The farthest north location mentioned in ancient Greek and Roman literature and cartographyThule
12%

Score Distribution

Percentile by Number Answered

Percent of People with Each Score

Your Score History

You have not taken this quiz since the last reset